zpět

Detail výsledku týmu

Hasičárna speciál, Ostrava

Datum a čas kvízu

20 Celkem bodů Celkový počet nahraných bodů na tomto kvízu bez doplňovacích otázek.
5. Pořadí na kvízu Konečné umístění týmu na tomto kvízu.

Zaznamenané odpovědi

# Otázka Odpověď Body Výsledky
1. Ministr obrany Lubomír Metnar... 1
2. Italské letovisko, které je ob... 1
3. Rakouská společnost Koch Media... 0
4. Jak se jmenuje slavný hollywoo... 0
5. Jak se jmenuje historicky prvn... 0
6. Dlouhé názvy filmů byly v módě... 0
5. V roce 1981 natočil režisér Mi... 1
5. Francouzsko - španělská komedi... 1
5. V roce 1964 natočil slavný rež... 0
5. Kultovní režisér Woody Allen v... 1